[Event "Linares"]
[Site "27"]
[Date "2010.02.18"]
[Round "5"]
[White "Vallejo Pons, Francisco"]
[Black "Gashimov, Vugar"]
[Result "0-1"]
[WhiteElo "2705"]
[BlackElo "2759"]
[Annotator "JvR"]
[PlyCount "70"]
[EventDate "2010.??.??"]

1. d4 Nf6 2. c4 e6 3. Nf3 c5 4. d5 d6 5. Nc3 exd5 6. cxd5 g6 7. Bf4 a6 8. a4
Bg7 9. h3 O-O 10. e3 Ne8 11. Be2 Nd7 12. O-O Qe7 13. Qb3 $5 ({Usual  is} 13.
Qc2) 13... Rb8 14. Nd2 f5 15. Nc4 $1 g5 $5 16. Bh2 f4 17. exf4 gxf4 ({The
alternative brings} 17... b5 $5 {(Informant)} 18. axb5 axb5 19. Na5 Bxc3 20.
bxc3 Qxe2 21. Rfe1 $5 c4 $5) 18. Rfe1 Ne5 19. Ne4 $6 (19. a5 $1 {continues the
restraint of the queenside.}) 19... b5 $1 {Black liberates himself.} 20. axb5
Rxb5 21. Qd1 Rb4 22. Rc1 Nxc4 23. Rxc4 Bxb2 $1 24. Rxb4 cxb4 25. Qc2 Bg7 26.
Qxc8 $6 ({More solid is} 26. Bd3) 26... Qxe4 27. Qe6+ $2 (27. Qxa6 b3 28. Qd3
Qxd3 29. Bxd3 {offers a strong resistance.}) 27... Qxe6 28. dxe6 Bc3 29. Rd1 a5
$1 30. Bb5 Nc7 31. Bd7 (31. e7 $5 Nxb5 $1 32. exf8=Q+ Kxf8 {wins for Black.})
31... Rf6 32. Rxd6 b3 $1 33. Rb6 b2 34. g4 Bb4 $1 35. Rb8+ Rf8 {Vallejo Pons
made grave errors during the second part of the game.} 0-1

[Event "Linares"]
[Site "27"]
[Date "2010.02.19"]
[Round "6"]
[White "Topalov, Veselin"]
[Black "Vallejo Pons, Francisco"]
[Result "1-0"]
[WhiteElo "2805"]
[BlackElo "2705"]
[Annotator "JvR"]
[PlyCount "80"]
[EventDate "2010.??.??"]

1. c4 Nf6 2. Nc3 e5 3. Nf3 Nc6 4. g3 d5 5. cxd5 Nxd5 6. Bg2 Nb6 7. a3 g5 8. d3
g4 9. Nd2 h5 10. b4 h4 11. Bb2 Rh6 12. Nb3 $6 Nd4 13. Nc5 c6 14. e3 Ne6 15. O-O
$6 hxg3 16. fxg3 Nxc5 17. bxc5 Bxc5 {Black has won a pawn.} 18. Qe2 Be7 19.
Rad1 f5 20. Qf2 Be6 21. e4 Rh5 22. Ne2 Qc7 23. exf5 Rxf5 24. Qe3 Na4 25. Qh6 $6
Kd7 $1 26. Rxf5 Nxb2 $1 27. Rdf1 Bxf5 28. Rxf5 Nxd3 29. h4 Qd6 30. Qg7 Qxa3 31.
Kh2 a5 $6 32. Rf7 a4 $6 33. h5 $6 Ne1 $6 34. Qxg4+ Kc7 35. Qe6 Re8 36. Qxe5+
Kb6 37. Rf5 Qb4 38. Qe3+ Bc5 $4 (38... Kc7 39. Qe5+ Kb6 {leads to perpetual
check.}) 39. Qxe8 Nxg2 40. Kxg2 a3 {Vallejo had spoiled another game.} 1-0

[Event "Linares"]
[Site "27"]
[Date "2010.02.21"]
[Round "8"]
[White "Grischuk, Alexander"]
[Black "Gashimov, Vugar"]
[Result "1-0"]
[WhiteElo "2736"]
[BlackElo "2759"]
[Annotator "JvR"]
[PlyCount "79"]
[EventDate "2010.??.??"]

1. d4 Nf6 2. c4 e6 3. Nf3 c5 4. d5 d6 5. Nc3 exd5 6. cxd5 g6 7. g3 Bg7 8. Bg2
O-O 9. O-O Re8 10. Bf4 Na6 11. Re1 Bg4 12. Qb3 Nh5 $5 {The knight chases Bf4.}
13. Bg5 Qd7 14. Nd2 h6 15. Be3 Bf5 $6 {Black loses time.} ({Better is} 15...
Nc7 $1 16. a4 b6 17. Nc4 Rad8 {(Marin).}) 16. Nc4 $1 Nb4 17. Rac1 Rab8 18. a4
b6 $6 (18... Bf8 19. f3 Bh3 {restores the equality.}) 19. Nb5 Bf8 $2 (19... Be4
$1 20. Bxe4 Rxe4 21. Nbxd6 Re7 22. Rcd1 Qh3 {gains counter-play for a pawn.})
20. Bd2 $1 a6 21. Nbxd6 $1 b5 $5 ({The pointe is} 21... Bxd6 22. e4 $1 Bxe4 23.
Rxe4 Rxe4 24. Bxe4) 22. Nxe8 bxc4 23. Qxc4 Rxe8 24. Bxb4 cxb4 25. e4 Bg4 26. e5
Qf5 27. e6 $1 fxe6 28. dxe6 Be7 29. f3 Bh3 30. g4 Qg5 31. Bxh3 Nf4 32. Bf1 Rf8
33. Qc7 h5 34. Qe5 Qh4 35. Re4 Nh3+ 36. Bxh3 Qxh3 37. Qg3 hxg4 38. Qxh3 gxh3
39. Kf2 Rd8 40. Ke2 {Grischuk achieved a positive score.} 1-0

[Event "Linares"]
[Site "27"]
[Date "2010.02.23"]
[Round "9"]
[White "Grischuk, Alexander"]
[Black "Topalov, Veselin"]
[Result "1-0"]
[WhiteElo "2736"]
[BlackElo "2805"]
[Annotator "JvR"]
[PlyCount "111"]
[EventDate "2010.??.??"]

{Grischuk trailed by one point, when the round began.} 1. d4 Nf6 2. c4 e6 3.
Nf3 b6 4. g3 Ba6 5. b3 Bb4+ 6. Bd2 Be7 7. Nc3 O-O 8. Rc1 Ba3 9. Rc2 Nc6 10. Bg5
h6 11. Bxf6 Qxf6 12. Bg2 d5 13. O-O $5 dxc4 14. bxc4 Rad8 ({Not} 14... Bxc4 $2
15. Ne4 Qf5 16. Rxc4 Qxe4 17. Nd2 {(Ftacnik).}) 15. Rd2 Bb4 16. Qb3 Bxc3 $5 17.
Qxc3 Na5 18. c5 $1 {White restricts the queenside.} Nc4 19. Rc2 bxc5 20. Qb3 $1
{Topalov starts to think.} cxd4 $2 (20... Nd6 $1 21. Qa3 Bb7 22. Rxc5 {
(Grischuk)} a6 $1 23. Ne5 Nb5 {almost equalises.}) 21. Rxc4 Rb8 22. Qc2 Bxc4
23. Qxc4 {White has a material edge.} e5 24. Qxc7 Rfe8 $5 25. Qxa7 Rb2 26. Re1
g6 27. a4 Rd8 $6 28. Qa5 e4 29. Nd2 e3 30. fxe3 d3 $6 31. Ne4 Qe7 32. exd3 Rxd3
33. Qa8+ Kg7 34. Qc6 $6 f5 $1 {A counteraction begins.} 35. Nf2 Rdd2 $6 (35...
Rxe3 $1 36. Rf1 $1 Ree2 37. Bd5 Rbd2 38. Bc4 Re1 {fights back (Grischuk).}) 36.
Qc3+ Kh7 37. Rf1 Rbc2 $1 38. Qb3 Rb2 39. Qc3 Rbc2 40. Qb3 Rb2 41. Qc4 $1 h5 (
41... Qxe3 42. Qf7+ Kh8 43. Qf8+ Kh7 44. Bd5 $1 Rxd5 45. Qf7+ Kh8 46. Qxd5 {
wins for White.}) 42. Qf4 Re2 43. Bf3 Rec2 44. Nd3 Ra2 45. Nb4 $1 Rxa4 46. Nxc2
Rxf4 47. gxf4 Kh6 48. Rb1 Qe6 49. Re1 Qa2 50. Nd4 h4 51. Be2 g5 52. fxg5+ Kxg5
53. Rf1 Kg6 54. Rxf5 Qb1+ 55. Rf1 Qe4 56. Kf2 {Grischuk shared the lead with
Topalov at the end of the penultimate round.} 1-0

[Event "Linares"]
[Site "27"]
[Date "2010.02.24"]
[Round "10"]
[White "Aronian, Levon"]
[Black "Gashimov, Vugar"]
[Result "1-0"]
[WhiteElo "2781"]
[BlackElo "2759"]
[Annotator "JvR"]
[PlyCount "115"]
[EventDate "2010.??.??"]

1. d4 Nf6 2. c4 e6 3. Nf3 c5 4. d5 d6 5. Nc3 exd5 6. cxd5 g6 7. Bf4 a6 8. a4
Bg7 9. h3 O-O 10. e3 Ne8 11. Be2 Nd7 12. O-O Qe7 13. Re1 h6 $5 14. a5 Nc7 15.
Rc1 f5 16. Qb3 g5 17. Bg3 Rb8 18. Na4 b5 $1 19. axb6 Na8 20. Ra1 Naxb6 {Black
has almost equalised.} 21. Nc3 Na8 $1 22. Qc2 Nc7 23. Bc4 Rb4 24. b3 Nf6 $2 25.
Ra5 $2 ({White misses} 25. Ne5 $1 Rxc4 $5 26. Nxc4 {(Marin).}) 25... Nd7 26.
Na4 Kh8 27. Nb2 Rb6 28. Rd1 Nb5 29. Bd3 Nc3 30. Rd2 Ne4 31. Bxe4 fxe4 32. Ne1
Bxb2 $5 33. Qxb2+ Kg8 $6 ({Preferable is} 33... Nf6) 34. Nc2 $1 {Aronian takes
the initiative.} Nf6 35. Na3 Ne8 36. Nc4 $1 Rb5 37. Ra4 h5 38. Na5 h4 39. Bh2
Bf5 40. Nc6 Qb7 41. b4 $1 Bd7 $6 (41... cxb4 $1 42. Rxb4 Rxb4 43. Qxb4 Qxb4 44.
Nxb4 Rf7 $1 45. Nc6 (45. Nxa6 $4 Rb7 46. Rd1 Rb6 47. Ra1 Bc8) 45... Rb7 46. Rd1
{leads to equality.}) 42. Qc2 Bf5 43. bxc5 Rxc5 44. Qd1 Rb5 45. Ra1 Bc8 46. Rc1
Bf5 47. Nd8 $5 Qe7 48. Ne6 $1 Bxe6 49. dxe6 Qxe6 50. Bxd6 Nxd6 $2 (50... Rff5
$1 51. Ba3 Rfd5 {keeps the defence closed.}) 51. Rxd6 Qf5 52. Qh5 $1 Rb7 53.
Rg6+ Rg7 54. Rh6 $1 Rh7 55. Rxh7 Qxh7 56. Qxg5+ Qg7 57. Qxh4 Qg6 58. Rc5 {
Aronian ended the event with a positive score.} 1-0

[Event "Linares"]
[Site "27"]
[Date "2010.02.24"]
[Round "10"]
[White "Topalov, Veselin"]
[Black "Gelfand, Boris"]
[Result "1-0"]
[WhiteElo "2805"]
[BlackElo "2761"]
[Annotator "JvR"]
[PlyCount "123"]
[EventDate "2010.??.??"]

{Topalov wants to win the game.} 1. e4 e5 2. Nf3 Nf6 3. Nxe5 d6 4. Nf3 Nxe4 5.
Nc3 Nxc3 6. dxc3 Be7 7. Be3 O-O 8. Qd2 Nd7 9. O-O-O Re8 10. h4 c6 11. h5 h6 $5
12. Kb1 Nf6 13. Bd3 Bf8 14. Rdg1 Ng4 $5 15. Bf4 Qf6 16. Nh2 Nxh2 $2 ({
Preferable is} 16... Ne5 17. g4 Nxd3 18. cxd3 Qe7 {(Kritz).}) 17. Rxh2 Bf5 18.
Bxf5 Qxf5 19. g4 Qe4 20. g5 $1 {White attacks.} hxg5 21. Bxg5 Qe2 $6 {Black is
going to lose an exchange.} (21... Kh7 $1 22. h6 $5 g6 {defends courageously.})
22. Qxe2 Rxe2 23. Be3 $1 Rxe3 24. fxe3 Re8 25. Rh3 Re6 26. c4 $6 ({Even better
is} 26. h6 $1 g6 27. h7+) 26... Be7 27. Rf3 $6 Re5 28. Rgf1 $6 Rxh5 29. Rxf7
Re5 30. R7f3 Bf6 31. c3 $6 Re4 32. Rxf6 $2 {This sacrifice leads to a drawn
rook ending.} gxf6 33. Rxf6 Rxe3 34. Rxd6 Kf7 $1 35. Kc2 {Exchange of the
rooks draws.} Re2+ 36. Kb3 Ke7 37. Rd4 c5 38. Rd3 b6 39. Ka3 Rc2 40. Rd5 a5 41.
Rd3 Rh2 42. b3 Rc2 43. Ka4 $5 {The last chance.} Rxa2+ 44. Kb5 Rb2 45. Kxb6 a4
$1 46. Kxc5 Rxb3 $5 47. Kc6 a3 48. c5 Ke8 $6 {The king goes into the wrong
direction.} ({Better is} 48... a2 49. Rd7+ Ke6 $1 50. Ra7 Rb2 $1) 49. Rh3 a2 $2
(49... Ke7 $1 50. Rh8 Rxc3 51. Ra8 Ke6 {still draws (Smeets).}) 50. Rh8+ Ke7
51. Ra8 Rb2 52. Kc7 $1 Rc2 53. c6 Rb2 54. c4 Rc2 55. Ra6 Rb2 56. c5 Ke6 57. Ra5
Rc2 58. Kb7 Rb2+ 59. Kc8 Ke7 60. c7 Ke8 61. Rxa2 $1 Rxa2 62. Kb7 {Topalov had
triumphed in the event.   The final standings became: Topalov 61/2/10,
Grischuk 6, Aronian 51/2, Vallejo Pons, Gelfand and Gashimov 4.} 1-0